000
00330nam a22001457a 4500
020
_a
978818390646
041
_a
ENG
100
_a
Kantwa .S.R
245
_a
Objective Agriculture
250
_a
20 th
260
_a
New Delhi
_b
New Vishal PUB
_c
2014
300
_a
272
650
_a
Competitive Exam
856
_u
Competitive Exam
999
_c
169
_d
169